000 01006cab a2200313 4500
001 ABS53442
008 090401t1995 xxu||||| |||| 00| 0 eng d
035 _a(Sirsi) u4222
041 _aeng
100 _aCastle, R.
245 _aCommercial leases: the new code
260 _c1995
350 _a0
490 _aNew Law Journal
_v145(6707) 4 August 1995, 1166-1191(2)
520 _aDiscusses the code of practice currently being drafted under the chairmanship of Derek Wood QC aimed at dealing with upward-only rent reviews confidentiality clauses and dispute resolution procedures.
650 _aBUSINESS TENANTS
650 _aCODE OF PRACTICE
650 _aDISPUTE RESOLUTION
_96236
650 _aLANDLORD AND TENANT
_96252
650 _aORIGINAL TENANT
650 _aPRIVITY OF CONTRACT
650 _aRENT REVIEWS
650 _aRICS
650 _aUPWARDS-ONLY
690 _aLANDLORD AND TENANT-BUSINESS TENANCIES
700 _aMcFarquhar, A.
942 _n0
948 _c04/03/1997
999 _c2528
_d2528